[Event "Hastings Masters 2025-26"]
[Site "Hastings ENG"]
[Date "2025.12.30"]
[Round "4.51"]
[White "Halas, Kim Aleksander"]
[Black "Siddhartha Shankar Srivastava"]
[Result "1-0"]
[WhiteElo "1729"]
[BlackElo "1589"]
[WhiteFideId "1546074"]
[BlackFideId "25780590"]
[EventDate "2025.12.28"]

1. d4 d5 2. c4 e6 3. g3 Nf6 4. Nf3 Bb4+ 5. Bd2 Be7 6. Bg2 O-O 7. O-O dxc4 8. Qc2
a6 9. a4 Nbd7 10. Rc1 c5 11. Qxc4 b5 12. Qc2 Bb7 13. dxc5 Nxc5 14. Be3 Be4 15.
Qd1 Nxa4 16. Nbd2 Bd5 17. b3 Nb6 18. Bc5 Bxc5 19. Rxc5 Qd6 20. Rac1 Rfc8 21.
Rxc8+ Rxc8 22. Rxc8+ Nxc8 23. Qc2 Nb6 24. e4 Qc6 25. Qd3 Bxb3 26. Nxb3 h6 27.
Qd8+ Kh7 28. e5 Nfd5 29. Nfd4 Qc3 30. Be4+ g6 31. Bxd5 Nxd5 32. Qd7 Qe1+ 33. Kg2
Qe4+ 34. Nf3 Kg7 35. Nc5 Qf5 36. Qb7 Nf4+ 37. gxf4 Qg4+ 38. Kf1 1-0

[Event "Hastings Masters 2025-26"]
[Site "Hastings ENG"]
[Date "2025.12.30"]
[Round "5.1"]
[White "Hagner, Bennet"]
[Black "Deuer, Marius"]
[Result "1/2-1/2"]
[WhiteTitle "IM"]
[BlackTitle "IM"]
[WhiteElo "2451"]
[BlackElo "2475"]
[WhiteFideId "16224477"]
[BlackFideId "16236432"]
[EventDate "2025.12.28"]

1. e4 c6 2. d4 d5 3. e5 Bf5 4. g4 Be4 5. f3 Bg6 6. f4 e6 7. h4 Be4 8. Nf3 h5 9.
Nbd2 Bxf3 10. Qxf3 hxg4 11. Qxg4 Nh6 12. Qg2 Nf5 13. Nf3 Nxh4 14. Nxh4 Rxh4 15.
Bd2 Rxh1 16. Qxh1 Qb6 17. O-O-O Na6 18. f5 exf5 19. e6 fxe6 20. Qh5+ Kd7 21.
Qf7+ Be7 22. Re1 Nc7 23. Qxg7 c5 24. a3 a5 25. dxc5 Qxc5 26. Bc3 Rf8 27. Bd4 Qd6 1/2-1/2

[Event "Hastings Masters 2025-26"]
[Site "Hastings ENG"]
[Date "2025.12.30"]
[Round "5.2"]
[White "Kaasen, Tor Fredrik"]
[Black "Ghimpu, Samuel-Timotei"]
[Result "1/2-1/2"]
[WhiteTitle "IM"]
[BlackTitle "IM"]
[WhiteElo "2471"]
[BlackElo "2428"]
[WhiteFideId "1516647"]
[BlackFideId "1238175"]
[EventDate "2025.12.28"]

1. d4 Nf6 2. c4 e6 3. g3 d5 4. Bg2 dxc4 5. Qa4+ Bd7 6. Qxc4 Bc6 7. Nf3 Be7 8.
Nc3 O-O 9. O-O Nbd7 10. Re1 Bxf3 11. Bxf3 c6 12. Bg2 e5 13. dxe5 Nxe5 14. Qf4
Qa5 15. a3 Rfd8 16. b4 Qc7 17. Bb2 Bd6 18. Ne4 Nxe4 19. Qxe4 Ng6 20. Rac1 Be5
21. Bxe5 Qxe5 22. Qxe5 Nxe5 23. b5 cxb5 24. Rc5 Nc4 25. Rxb5 Rab8 26. Rc1 Nd6
27. Rd5 Kf8 28. Rc7 a6 29. Bf3 b6 30. e3 Nb5 31. Rxd8+ Rxd8 32. Rb7 Rd6 33. Be2
Nxa3 34. Bxa6 g6 35. Kg2 h5 36. Kf3 Nb1 37. e4 Nc3 38. Ke3 Nd1+ 39. Ke2 Nc3+ 40.
Ke3 Nd1+ 41. Ke2 Nc3+ 1/2-1/2

[Event "Hastings Masters 2025-26"]
[Site "Hastings ENG"]
[Date "2025.12.30"]
[Round "5.3"]
[White "Golding, Alex"]
[Black "Laurent-Paoli, Pierre"]
[Result "1/2-1/2"]
[WhiteTitle "IM"]
[BlackTitle "GM"]
[WhiteElo "2370"]
[BlackElo "2539"]
[WhiteFideId "427241"]
[BlackFideId "26017962"]
[EventDate "2025.12.28"]

1. e4 c5 2. Nf3 Nc6 3. Nc3 Nf6 4. d4 cxd4 5. Nxd4 e5 6. Ndb5 d6 7. Bg5 a6 8. Na3
b5 9. Nd5 Be7 10. Bxf6 Bxf6 11. c3 Rb8 12. Nc2 Bg5 13. g3 O-O 14. h4 Bh6 15. Bh3
Bb7 16. O-O Ne7 17. Ncb4 Nc8 18. Qd3 a5 19. Nc2 Nb6 20. Nxb6 Qxb6 21. Rad1 Rfd8
22. Bg2 Ba6 23. b3 Rbc8 24. Ne3 Bxe3 25. fxe3 Rc7 26. Rf2 Qc5 27. Rc2 Bc8 28.
Kh2 Be6 29. Bh3 Bxh3 30. Kxh3 Qc6 31. Kh2 h5 32. Rdd2 a4 33. c4 axb3 34. axb3
bxc4 35. Rxc4 Qb6 36. Rxc7 Qxc7 37. Qd5 Qc3 38. Rf2 Rf8 39. Re2 Qb4 40. Rc2 g6
41. Kg2 Qb6 42. Kf2 Rb8 43. Rc6 Qxb3 44. Qxb3 Rxb3 45. Rxd6 Rb2+ 46. Kf3 Kg7 47.
Rd5 f6 48. Rd7+ Kf8 49. g4 Rh2 50. gxh5 gxh5 51. Kg3 Rh1 52. Rh7 Rg1+ 53. Kf3
Rf1+ 54. Kg2 Re1 55. Kf2 1/2-1/2

[Event "Hastings Masters 2025-26"]
[Site "Hastings ENG"]
[Date "2025.12.30"]
[Round "5.4"]
[White "Badacsonyi, Stanley"]
[Black "Gordon, Stephen J"]
[Result "1/2-1/2"]
[WhiteTitle "FM"]
[BlackTitle "GM"]
[WhiteElo "2317"]
[BlackElo "2465"]
[WhiteFideId "486973"]
[BlackFideId "411477"]
[EventDate "2025.12.28"]

1. d4 Nf6 2. c4 e6 3. Nc3 Bb4 4. e3 O-O 5. Bd3 d5 6. Nf3 dxc4 7. Bxc4 c5 8. O-O
Nc6 9. dxc5 Bxc5 10. h3 a6 11. b3 b5 12. Be2 Qe7 13. Bb2 Bb7 14. Rc1 Nb4 15. a4
Rfd8 16. Qe1 Bxf3 17. gxf3 bxa4 18. Nxa4 Bd6 19. f4 a5 20. Nb6 Rab8 21. Nc4 Bc7
22. Kg2 Nd3 23. Bxd3 Rxd3 24. Nxa5 Bxa5 25. Qxa5 Nd5 26. Qc5 Qxc5 1/2-1/2

[Event "Hastings Masters 2025-26"]
[Site "Hastings ENG"]
[Date "2025.12.30"]
[Round "5.5"]
[White "Plat, Vojtech"]
[Black "Balaji, Aaravamudhan"]
[Result "1/2-1/2"]
[WhiteTitle "GM"]
[BlackTitle "IM"]
[WhiteElo "2461"]
[BlackElo "2270"]
[WhiteFideId "325740"]
[BlackFideId "436224"]
[EventDate "2025.12.28"]

1. e4 e5 2. Nf3 Nc6 3. d4 exd4 4. Nxd4 Nf6 5. Nxc6 bxc6 6. e5 Qe7 7. Qe2 Nd5 8.
c4 Nb6 9. Nc3 Qe6 10. Qe4 g6 11. Bd3 Bg7 12. f4 O-O 13. O-O Ba6 14. c5 d5 15.
cxd6 Bxd3 16. Qxd3 cxd6 17. Qxd6 Qxd6 18. exd6 Rad8 19. Be3 1/2-1/2

[Event "Hastings Masters 2025-26"]
[Site "Hastings ENG"]
[Date "2025.12.30"]
[Round "5.6"]
[White "Wang, Hao(ZJ)"]
[Black "Hobson, Kenneth"]
[Result "1-0"]
[WhiteTitle "IM"]
[BlackTitle "FM"]
[WhiteElo "2426"]
[BlackElo "2264"]
[WhiteFideId "8631859"]
[BlackFideId "480819"]
[EventDate "2025.12.28"]

1. e4 e5 2. Bc4 Nc6 3. Nc3 Nf6 4. d3 Na5 5. Nge2 a6 6. a3 Nxc4 7. dxc4 Bc5 8. h3
h6 9. Qd3 d6 10. Be3 Bxe3 11. Qxe3 Qe7 12. g4 c6 13. Rd1 Be6 14. b3 Rd8 15. a4
g5 16. Ng3 Qc7 17. f3 b5 18. axb5 cxb5 19. cxb5 axb5 20. Nxb5 Qa5+ 21. Nc3 d5
22. Qd2 d4 23. Nce2 Qb6 24. h4 Nh7 25. Kf1 gxh4 26. Rxh4 Ng5 27. Kg2 d3 28. cxd3
Qxb3 29. Nc1 Qa3 30. Rdh1 Rb8 31. Qe3 Rb2+ 32. Nce2 Bc4 33. Rxh6 Rxh6 34. Rxh6
Ne6 35. Rh8+ Kd7 36. Kf2 Bxd3 37. Rh1 Qb3 38. Qa7+ Kc6 39. Rh8 Bxe2 40. Rc8+ Kb5
41. Rb8+ Kc4 42. Rxb3 Kxb3 43. Nxe2 Nf4 44. Qxf7+ 1-0

[Event "Hastings Masters 2025-26"]
[Site "Hastings ENG"]
[Date "2025.12.30"]
[Round "5.7"]
[White "Martin, Nils"]
[Black "Grutter, Tim"]
[Result "1/2-1/2"]
[WhiteTitle "FM"]
[BlackTitle "IM"]
[WhiteElo "2222"]
[BlackElo "2397"]
[WhiteFideId "45160473"]
[BlackFideId "1057472"]
[EventDate "2025.12.28"]

1. e4 e5 2. Nf3 Nc6 3. Bc4 Nf6 4. d3 Bc5 5. O-O d6 6. a4 h6 7. a5 a6 8. c3 O-O
9. Be3 Bxe3 10. fxe3 Ne7 11. Nbd2 Ng6 12. Qe1 c6 13. Bb3 Be6 14. Bxe6 fxe6 15.
Qg3 Qe8 16. Rf2 Nh8 17. Raf1 Qg6 18. Qxg6 Nxg6 19. Nc4 Ng4 20. Re2 d5 21. Nb6
Rad8 22. exd5 exd5 23. h3 Nf6 24. Nd2 Nd7 25. Nxd7 Rxf1+ 26. Kxf1 Rxd7 27. Nb3
Nf8 28. e4 Re7 29. exd5 cxd5 30. c4 dxc4 31. dxc4 Rc7 32. Rxe5 Rxc4 33. Re7 Rb4
34. Nc5 Rxb2 35. Rxb7 Ra2 36. Nxa6 1/2-1/2

[Event "Hastings Masters 2025-26"]
[Site "Hastings ENG"]
[Date "2025.12.30"]
[Round "5.8"]
[White "Williams, Simon K"]
[Black "Herzwurm, Robert"]
[Result "1-0"]
[WhiteTitle "GM"]
[WhiteElo "2434"]
[BlackElo "2047"]
[WhiteFideId "404454"]
[BlackFideId "4668570"]
[EventDate "2025.12.28"]

1. d4 Nf6 2. Bg5 Ne4 3. h4 c5 4. d5 d6 5. Qd3 Qa5+ 6. Nd2 Nxd2 7. Bxd2 Qc7 8. e4
Nd7 9. f4 Nf6 10. Bc3 g6 11. h5 Bh6 12. hxg6 hxg6 13. Be2 Bd7 14. g4 c4 15. Qd4 1-0

[Event "Hastings Masters 2025-26"]
[Site "Hastings ENG"]
[Date "2025.12.30"]
[Round "5.9"]
[White "Gormally, Daniel W"]
[Black "Fryer, David W"]
[Result "1-0"]
[WhiteTitle "GM"]
[WhiteElo "2396"]
[BlackElo "1902"]
[WhiteFideId "406465"]
[BlackFideId "406384"]
[EventDate "2025.12.28"]

1. d4 Nf6 2. Nf3 e6 3. c4 b6 4. g3 Bb7 5. Bg2 Be7 6. O-O d5 7. cxd5 exd5 8. Nc3
O-O 9. Bf4 c6 10. Rc1 Nbd7 11. Qc2 h6 12. Rfd1 Re8 13. Ne5 Rc8 14. Bh3 Nf8 15.
Qa4 a6 16. Qb3 Ne6 17. Na4 b5 18. Bxe6 fxe6 19. Nc5 Bxc5 20. dxc5 Nh5 21. Bd2
Rf8 22. f3 a5 23. Qe3 Qc7 24. a3 Rce8 25. Bc3 Nf6 26. Rd4 a4 27. Rh4 Ba8 28. Rd1
Bb7 29. Rdd4 Ba8 30. Rdf4 Qd8 31. Qd3 Qe7 32. Bd4 g5 33. Rxh6 gxf4 34. Rg6+ Kh7
35. Rxf6+ Kg8 36. Rg6+ 1-0

[Event "Hastings Masters 2025-26"]
[Site "Hastings ENG"]
[Date "2025.12.30"]
[Round "5.10"]
[White "Ward, Cian"]
[Black "Mazur, Stefan"]
[Result "1-0"]
[BlackTitle "IM"]
[WhiteElo "1947"]
[BlackElo "2392"]
[WhiteFideId "475599"]
[BlackFideId "14909332"]
[EventDate "2025.12.28"]

1. e4 Nc6 2. Nf3 e5 3. Bc4 Nf6 4. d3 Be7 5. O-O O-O 6. Nc3 d6 7. a4 Bg4 8. h3
Bh5 9. Be3 Kh8 10. a5 a6 11. Nd5 Nxd5 12. Bxd5 Qd7 13. Nxe5 Nxe5 14. Qxh5 c6 15.
Bb3 f5 16. exf5 Rxf5 17. Qe2 Raf8 18. f4 Ng6 19. g4 Nxf4 20. Qh2 Nd5 21. Rxf5
Rxf5 22. gxf5 Nxe3 23. Re1 Bg5 24. Be6 Qd8 25. Qf2 Qf6 26. Rxe3 Bxe3 27. Qxe3 g6
28. c3 c5 29. Qg3 d5 30. h4 Kg7 31. Qg5 Qe5 32. f6+ 1-0

[Event "Hastings Masters 2025-26"]
[Site "Hastings ENG"]
[Date "2025.12.30"]
[Round "5.11"]
[White "Sulskis, Sarunas"]
[Black "Finn, Peter"]
[Result "1-0"]
[WhiteTitle "GM"]
[BlackTitle "CM"]
[WhiteElo "2475"]
[BlackElo "2200"]
[WhiteFideId "12800112"]
[BlackFideId "432156"]
[EventDate "2025.12.28"]

1. c4 Nf6 2. Nc3 e6 3. e4 d5 4. cxd5 exd5 5. e5 d4 6. exf6 dxc3 7. Bb5+ c6 8.
Qe2+ Be6 9. Bc4 cxd2+ 10. Bxd2 Qxf6 11. Bc3 Qg6 12. Nf3 Bc5 13. O-O-O O-O 14.
Bxe6 fxe6 15. Rhe1 Re8 16. Ne5 Qg5+ 17. Kb1 Na6 18. Rd7 Re7 19. Rxe7 Bxe7 20.
Nxc6 bxc6 21. Qxa6 Qd5 22. Qb7 Re8 23. Qxa7 Bf8 24. f3 c5 25. Qb6 Bd6 26. Qb5
Ra8 27. Qd7 Qxa2+ 28. Kc2 Qa4+ 29. Qxa4 Rxa4 30. Rxe6 Bf8 31. Kd3 Kf7 32. Re4
Ra8 33. Kc4 g5 34. Kd5 Rd8+ 35. Kc6 Rd1 36. h4 h6 37. h5 Rh1 38. g4 Rf1 39. Re3
Rf2 40. b3 Rf1 41. Be1 Rh1 42. Kd5 Rh2 43. Rd3 Rb2 44. Bd2 Rc2 45. f4 gxf4 46.
Bxf4 Rf2 47. Ke4 Ke6 48. Rd8 Be7 49. Rg8 Rb2 50. Rg6+ Kf7 51. Rxh6 Rxb3 52. Rh7+
Ke6 53. Rh6+ Kf7 54. g5 c4 55. Rc6 Rh3 56. h6 c3 57. g6+ Ke8 58. h7 1-0

[Event "Hastings Masters 2025-26"]
[Site "Hastings ENG"]
[Date "2025.12.30"]
[Round "5.12"]
[White "Kuru, Atilla"]
[Black "Vaidyanathan, Adithya"]
[Result "1-0"]
[WhiteTitle "IM"]
[WhiteElo "2449"]
[BlackElo "2189"]
[WhiteFideId "51607948"]
[BlackFideId "495450"]
[EventDate "2025.12.28"]

1. e4 c5 2. Nf3 Nc6 3. d4 cxd4 4. Nxd4 Nf6 5. Nc3 d6 6. Bg5 a6 7. Qd3 Bd7 8.
O-O-O Qa5 9. Bxf6 gxf6 10. Kb1 e6 11. f4 b5 12. Nxc6 Bxc6 13. Ne2 b4 14. Nd4 Bb7
15. Be2 h5 16. Bf3 Qc7 17. Rhe1 h4 18. c3 Bh6 19. g3 bxc3 20. Rc1 Qd7 21. Rxc3
O-O 22. Nb3 Rfd8 23. Na5 Rab8 24. Rd1 Ba8 25. Nc4 d5 26. exd5 exd5 27. Ne3 d4
28. Bxa8 Qe8 29. Bd5 dxc3 30. Qxc3 Bg7 31. gxh4 Kf8 32. Rg1 Rxd5 33. Qa3+ Kg8
34. Nxd5 Qe4+ 35. Ka1 Qd4 36. Ne7+ Kh8 37. Rb1 Qxf4 38. Qg3 Rb4 39. Nd5 Qxg3 40.
hxg3 Rg4 41. Rg1 f5 42. Kb1 Rd4 43. Ne3 Rd2 44. Rg2 Rxg2 45. Nxg2 Bd4 46. Nf4
Bf2 47. Ne2 f4 48. gxf4 Bxh4 49. Kc2 Be1 50. Kd3 Kg7 51. Ke4 Kf6 52. Nd4 Bd2 53.
f5 Ke7 54. Ke5 f6+ 55. Kd5 Kd7 56. Ne6 a5 57. Nc5+ Ke7 58. Kc6 Be1 59. b3 Bd2
60. a3 Bc3 61. Nd3 Kf7 62. b4 axb4 63. axb4 Kg7 64. b5 Bd4 65. Nc5 Kh6 66. b6
Be5 67. b7 Bb8 68. Nd7 Ba7 69. Kb5 1-0

[Event "Hastings Masters 2025-26"]
[Site "Hastings ENG"]
[Date "2025.12.30"]
[Round "5.13"]
[White "Bryant, Harry"]
[Black "Kovchan, Alexander"]
[Result "0-1"]
[WhiteTitle "CM"]
[BlackTitle "GM"]
[WhiteElo "2207"]
[BlackElo "2447"]
[WhiteFideId "489158"]
[BlackFideId "14103052"]
[EventDate "2025.12.28"]

1. e4 d6 2. d4 Nf6 3. Nc3 g6 4. Nf3 Bg7 5. Be2 O-O 6. O-O Nc6 7. d5 Nb8 8. Be3
c6 9. a4 a5 10. h3 Na6 11. Re1 Nb4 12. Qd2 Bd7 13. Rad1 Rc8 14. dxc6 Bxc6 15. e5
Ne4 16. Nxe4 Bxe4 17. c3 Nc2 18. Rf1 Nxe3 19. Qxe3 Bxf3 20. Bxf3 Bxe5 21. Rfe1
b6 22. Qd3 Qc7 23. Qb5 e6 24. Be2 d5 25. Qd3 Rfd8 26. Qf3 d4 27. cxd4 Rxd4 28.
b3 Rf4 29. Qe3 Bd6 30. Bf3 Bc5 31. Qd3 h5 32. Re4 Rf6 33. Rc4 Kg7 34. Qc3 Qe7
35. Qe5 Kg8 36. Qe4 Rf5 37. Rc2 Qf6 38. Qb7 Rf8 39. Kh1 Rf4 40. Qc6 Kg7 41. Rd3
Rd8 42. Qb5 Rb4 43. Qa6 Qa1+ 44. Kh2 Qf1 45. Be2 Qxf2 46. Rxd8 Qg1+ 47. Kg3 h4+ 0-1

[Event "Hastings Masters 2025-26"]
[Site "Hastings ENG"]
[Date "2025.12.30"]
[Round "5.14"]
[White "Zhang, Junyi"]
[Black "Southcott-Moyers, Indy"]
[Result "0-1"]
[WhiteTitle "CM"]
[BlackTitle "FM"]
[WhiteElo "2172"]
[BlackElo "2266"]
[WhiteFideId "494437"]
[BlackFideId "488542"]
[EventDate "2025.12.28"]

1. e4 e5 2. Nf3 Nc6 3. Bc4 Bc5 4. c3 Nf6 5. d4 exd4 6. e5 d5 7. Bb5 Ne4 8. cxd4
Bb6 9. Nc3 O-O 10. Be3 Bg4 11. h3 Bh5 12. Qc2 Nb4 13. Qb3 Ba5 14. Rc1 Rc8 15. a3
Nc6 16. Be2 Bxc3+ 17. bxc3 Na5 18. Qd1 f5 19. exf6 Qxf6 20. O-O Nc4 21. g4 Nxe3
22. fxe3 Bg6 23. Kg2 Qd6 24. Ne5 Qxa3 25. Nxg6 hxg6 26. Bf3 Qe7 27. c4 c6 28.
Qd3 Ng5 29. cxd5 Nxf3 30. Rxf3 Rxf3 31. Kxf3 Qf7+ 32. Ke2 Qxd5 33. Rf1 Qe6 34.
Rf4 a5 35. h4 Re8 36. Kf3 a4 37. d5 cxd5 38. Rxa4 Rf8+ 39. Rf4 Rxf4+ 40. exf4
Qe4+ 41. Qxe4 dxe4+ 42. Kxe4 Kf7 43. Kd5 b5 0-1

[Event "Hastings Masters 2025-26"]
[Site "Hastings ENG"]
[Date "2025.12.30"]
[Round "5.15"]
[White "Hill, Alistair"]
[Black "Demac, Elias"]
[Result "0-1"]
[WhiteElo "2104"]
[BlackElo "2230"]
[WhiteFideId "432407"]
[BlackFideId "1505807"]
[EventDate "2025.12.28"]

1. c4 f5 2. Nf3 Nf6 3. g3 g6 4. Bg2 Bg7 5. O-O O-O 6. d4 d6 7. Nc3 Qe8 8. Re1
Qf7 9. Bd2 Ne4 10. Ng5 Nxg5 11. Bxg5 c6 12. e4 h6 13. Be3 Qxc4 14. Qd2 Kh7 15.
h4 Qf7 16. b4 fxe4 17. Nxe4 Bg4 18. f4 Nd7 19. Nf2 Be6 20. g4 Bd5 21. Qd3 Bxg2
22. Kxg2 Qd5+ 23. Kg3 e5 24. Rad1 exf4+ 25. Bxf4 Kg8 26. Re7 Rf7 27. Rxf7 Qxf7
28. Bxd6 Re8 29. Bf4 Nb6 30. Ne4 Nd5 31. Rf1 Rf8 32. Be5 Qxf1 0-1

[Event "Hastings Masters 2025-26"]
[Site "Hastings ENG"]
[Date "2025.12.30"]
[Round "5.16"]
[White "Yoon, Jacob D"]
[Black "Verbytski, Oleg"]
[Result "0-1"]
[WhiteTitle "CM"]
[WhiteElo "2165"]
[BlackElo "2039"]
[WhiteFideId "446076"]
[BlackFideId "495506"]
[EventDate "2025.12.28"]

1. d4 d5 2. c4 e6 3. Nf3 Nf6 4. Nc3 Be7 5. Bf4 O-O 6. e3 Re8 7. a3 a6 8. b4 Nbd7
9. c5 Ne4 10. Nxe4 dxe4 11. Nd2 f5 12. f3 Bh4+ 13. Bg3 Bxg3+ 14. hxg3 Qg5 15.
Kf2 exf3 16. gxf3 e5 17. Bc4+ Kh8 18. f4 exf4 19. gxf4 Qg6 20. Qb3 Nf6 21. Bf7
Ng4+ 22. Kg1 Qc6 23. d5 Qf6 24. Bxe8 Qxa1+ 25. Kg2 Qf6 26. Bh5 Bd7 27. Bxg4 fxg4
28. Kg3 Re8 29. e4 Qd4 30. Rd1 g5 31. f5 Bxf5 32. Nf3 Qxe4 33. Qc3+ Kg8 34. Nxg5
Qe2 35. Qd2 Qe5+ 36. Qf4 Qc3+ 37. Kh4 Rf8 38. Qd4 Qc2 39. Rd2 Qb1 40. Rd1 Qa2
41. Rd2 Qxa3 42. Rh2 Qc1 43. Kh5 Bg6+ 44. Kh6 Rf7 45. d6 cxd6 46. cxd6 Qf4 47.
Qxf4 Rxf4 48. Rd2 Be8 49. Nxh7 Rf5 50. Rh2 g3 51. Rh3 g2 52. d7 Bxd7 53. Rg3+
Kf7 54. Rxg2 Bc6 55. Re2 Rf4 56. Ng5+ Kf6 57. Nh7+ Kf5 58. Rb2 Ke4 59. Kg5 Rf5+
60. Kg4 Rf4+ 61. Kg3 Rf3+ 62. Kg4 Bd7+ 63. Kg5 Bc6 64. Kg4 Rf1 65. Ng5+ Kd3 66.
Rh2 Kc4 67. Nh3 Kxb4 68. Nf2 Ka5 69. Kf4 Re1 70. Nd3 Re4+ 71. Kf5 Re8 72. Ne5
Bb5 73. Ke4 Kb6 74. Kd4 a5 75. Rh6+ Ka7 76. Rh5 Ka6 77. Kc3 b6 78. Rg5 Rc8+ 79.
Kd4 Rd8+ 80. Kc3 Rd5 81. Nf7 Rd7 82. Ne5 Rd5 83. Nf7 Rd3+ 84. Kc2 Rd7 85. Ne5
Rd5 86. Kc3 Rc5+ 87. Kb2 a4 88. Nf3 Rc4 89. Nd2 Rd4 90. Nb1 Bc6 91. Kc3 Rd6 92.
Na3 b5 93. Kb4 Rf6 94. Rg4 Kb6 95. Nc2 Bd7 96. Rh4 Rc6 97. Na3 Rc5 98. Rh6+ Bc6
99. Rf6 Rg5 100. Rf4 Rg3 101. Nxb5 Bxb5 102. Rf6+ Bc6 103. Rh6 Rg4+ 104. Ka3 Rc4
105. Rg6 Ka5 106. Rg5+ Bb5 107. Rg3 Rb4 108. Rh3 Rg4 109. Re3 Rg5 110. Rh3 Bc6
111. Rc3 Bd7 112. Rd3 Be6 113. Re3 Bg8 114. Re2 Rb5 115. Rb2 Rb3+ 116. Ka2 Kb4
117. Ka1 Bc4 118. Rb1 Bd5 119. Rb2 Kc3 120. Ra2 Kb4 121. Rb2 Be4 122. Ka2 Bd3
123. Ka1 Bf5 124. Rf2 Be6 125. Rf4+ Bc4 126. Rf2 Ra3+ 127. Kb1 Rg3 128. Rb2+ Bb3
129. Ka1 Ka3 130. Ra2+ Kb4 131. Rb2 a3 132. Rb1 Rg2 133. Rc1 Rg3 134. Rb1 Ka4
135. Rh1 Rg4 136. Rb1 Rb4 137. Rh1 Rd4 138. Rb1 Re4 139. Rh1 Rf4 140. Rb1 Rg4
141. Rh1 Bc4 142. Re1 Rg2 143. Rh1 Rd2 144. Rg1 Kb3 145. Rb1+ Rb2 146. Rd1 Rc2
147. Rb1+ Kc3 148. Rg1 Bd3 149. Rb1 Kc4 150. Rd1 Rc3 151. Ka2 Kb4 152. Rc1 Bc4+
153. Kb1 a2+ 154. Kb2 Rxc1 0-1

[Event "Hastings Masters 2025-26"]
[Site "Hastings ENG"]
[Date "2025.12.30"]
[Round "5.17"]
[White "Adams, Henry"]
[Black "Vaddhireddy, Sai"]
[Result "1-0"]
[WhiteElo "2159"]
[BlackElo "1960"]
[WhiteFideId "464562"]
[BlackFideId "499560"]
[EventDate "2025.12.28"]

1. d4 d5 2. c4 c6 3. Nf3 Nf6 4. g3 Bf5 5. Nc3 e6 6. Qb3 Qb6 7. c5 Qxb3 8. axb3
Na6 9. Ra4 Bc2 10. Bg2 Bxb3 11. Ra3 Bc2 12. O-O Nd7 13. Bf4 f6 14. Rc1 Bf5 15.
b4 Nxb4 16. Rb3 Na6 17. Rxb7 Naxc5 18. dxc5 Nxc5 19. Rc7 e5 20. Bxe5 fxe5 21.
Nxe5 Nb3 22. Rd1 Bc2 23. Rf1 Bd6 24. Rxc6 Bxe5 25. Re6+ Kd7 26. Rxe5 Be4 27.
Nxe4 dxe4 28. Rd1+ Kc7 29. Re7+ 1-0

[Event "Hastings Masters 2025-26"]
[Site "Hastings ENG"]
[Date "2025.12.30"]
[Round "5.18"]
[White "Shankar, Yashwardhan"]
[Black "Verbin, Valentina"]
[Result "0-1"]
[BlackTitle "WFM"]
[WhiteElo "1886"]
[BlackElo "2122"]
[WhiteFideId "2411067"]
[BlackFideId "13905910"]
[EventDate "2025.12.28"]

1. e4 e6 2. d4 d5 3. e5 c5 4. c3 Nc6 5. Nf3 Nge7 6. Bd3 cxd4 7. cxd4 Nf5 8. Bxf5
exf5 9. Nc3 Be6 10. Be3 Be7 11. h4 O-O 12. Ng5 f4 13. Bxf4 Qb6 14. Qd3 g6 15.
Nxe6 fxe6 16. Be3 Qxb2 17. Rb1 Nb4 18. Qd2 Qxd2+ 19. Kxd2 b6 20. f4 Rac8 21. h5
Rc4 22. g4 Nc6 23. Ne2 Ra4 24. Rb2 Na5 25. Ke1 Nc4 26. Rb3 Rxa2 27. Bc1 g5 28.
Rf1 Ra1 29. f5 Ba3 30. Kd1 Rc8 31. Rff3 a5 32. fxe6 a4 33. Rbc3 b5 34. Rf7 b4
35. Rcf3 Bxc1 36. Nxc1 Nb2+ 37. Ke2 Raxc1 38. e7 R8c2+ 39. Ke3 Re1# 0-1

[Event "Hastings Masters 2025-26"]
[Site "Hastings ENG"]
[Date "2025.12.30"]
[Round "5.19"]
[White "Siddharth, Gopakumar"]
[Black "Burrows, Martin P"]
[Result "0-1"]
[WhiteElo "1864"]
[BlackElo "2117"]
[WhiteFideId "5053463"]
[BlackFideId "409057"]
[EventDate "2025.12.28"]

1. e4 c5 2. Nf3 d6 3. d4 cxd4 4. Nxd4 Nf6 5. Nc3 a6 6. h3 e5 7. Nb3 Be6 8. Be3
Be7 9. Qf3 b5 10. g4 b4 11. Nd5 Nxd5 12. exd5 Bd7 13. a3 bxa3 14. Rxa3 a5 15.
Bd3 a4 16. Nd2 Na6 17. Qe4 g6 18. Rxa4 Nc7 19. Rxa8 Qxa8 20. O-O O-O 21. Bh6 Rb8
22. f4 Qxd5 23. fxe5 Qxe4 24. Nxe4 dxe5 25. Nf6+ Bxf6 26. Rxf6 Be6 27. b3 Nd5
28. Rf1 Nb4 29. Be4 Rc8 30. c4 Nc6 31. Be3 Nd4 32. Bxd4 exd4 33. Rd1 Rb8 34. Bc2
Rd8 35. Kf2 f5 36. gxf5 gxf5 37. Bd3 Rb8 38. Bc2 Rd8 39. c5 Kf7 40. b4 Kf6 41.
Kf3 Bc4 42. Kf4 d3 43. Bb1 d2 44. Ke3 f4+ 45. Kxf4 Bb3 46. Rxd2 Rxd2 0-1

[Event "Hastings Masters 2025-26"]
[Site "Hastings ENG"]
[Date "2025.12.30"]
[Round "5.20"]
[White "Hu, Junyan"]
[Black "Kapechun, Mikhailo"]
[Result "0-1"]
[WhiteElo "1862"]
[BlackElo "2184"]
[WhiteFideId "343401260"]
[BlackFideId "34147527"]
[EventDate "2025.12.28"]

1. e4 c5 2. Nf3 Nc6 3. d4 cxd4 4. Nxd4 Nf6 5. Nc3 d6 6. Bg5 e6 7. Qd2 a6 8.
O-O-O Be7 9. Nb3 Bd7 10. Bxf6 gxf6 11. f4 b5 12. Nd4 Qb6 13. Nce2 O-O-O 14. f5
Kb8 15. fxe6 fxe6 16. Kb1 Rc8 17. g3 Nxd4 18. Nxd4 e5 19. Nf5 Bxf5 20. exf5 d5
21. Bg2 d4 22. Qd3 Rc7 23. Qf3 Ka7 24. Qe2 Rhc8 25. Be4 Bb4 26. g4 Qa5 27. Rd3
Rxc2 28. Qxc2 Rxc2 29. Kxc2 Qxa2 30. Rb3 Bf8 31. Bd5 Qa4 32. Kb1 d3 33. Rxd3
Qxg4 34. Be6 Qe4 35. Rd1 Bc5 36. Ka2 Bd4 37. Ra3 Qc2 38. Rb1 e4 39. Rb3 e3 40.
Rb4 Be5 41. Rg4 e2 42. Rg2 Qa4# 0-1

[Event "Hastings Masters 2025-26"]
[Site "Hastings ENG"]
[Date "2025.12.30"]
[Round "5.21"]
[White "White, Stuart A"]
[Black "Kalavannan, Koby"]
[Result "0-1"]
[BlackTitle "FM"]
[WhiteElo "2072"]
[BlackElo "2275"]
[WhiteFideId "407747"]
[BlackFideId "425753"]
[EventDate "2025.12.28"]

1. d4 d6 2. c4 e5 3. Nc3 exd4 4. Qxd4 Nc6 5. Qd2 Nf6 6. g3 Be6 7. Nd5 Ne5 8. b3
Ne4 9. Qe3 c6 10. Qxe4 cxd5 11. cxd5 Qa5+ 12. Bd2 Bxd5 13. Bxa5 Bxe4 14. f3 Bc6
15. Nh3 b6 16. Bd2 O-O-O 17. Nf2 Re8 18. Bh3+ Kb8 19. Kf1 Bb5 20. Bg2 Nc6 21.
Ne4 Nd4 22. Nc3 Ba6 23. Kf2 g6 24. e3 Bg7 25. Rac1 Nc6 26. Nd5 Ne5 27. Bf1 Bxf1
28. Rcxf1 Rc8 29. Ke2 Rc5 30. Nb4 Kb7 31. f4 Nd7 32. Rc1 Bb2 33. Rxc5 dxc5 34.
Nd5 Kc6 35. Bc3 Kxd5 36. Bxb2 Re8 37. Kf3 f5 38. Rd1+ Kc6 39. h3 h5 40. Rg1 Re6
41. g4 hxg4+ 42. hxg4 Rd6 43. Ke2 b5 44. gxf5 gxf5 45. Rg5 Rh6 46. Bg7 Rh2+ 47.
Kf3 Rxa2 48. Rxf5 Ra3 49. Rh5 Rxb3 50. f5 Kd6 51. Kf4 Rb1 52. Rh6+ Ke7 53. Be5
Rf1+ 54. Ke4 Rd1 55. Rh7+ Kf8 56. f6 b4 57. Kf5 Rd5 58. Rh8+ Kf7 59. Rh7+ Kg8
60. Rg7+ Kf8 61. Re7 Rxe5+ 0-1